Papa louie characters - Statistics

General Stats
  • This quiz has been taken 184 times
  • The average score is 62 of 113
Answer Stats
Hint Answer % Correct
Delivery boy Roy
95%
Owner Papa louie
92%
Freezeria Female Penny
88%
PNC 2017 Runner-up Male Wylan B
86%
Pancakeria Female Prudence
85%
Freezeria Male Alberto
84%
Wingeria Male Chuck
83%
Pancakeria Male Cooper
83%
Food critic Jojo
82%
Hot doggeria Male Taylor
82%
Burgeria Female Rita
81%
Cupcakeria Male James
79%
Scooperia Male Carlo
78%
Taco Mia Male Mitch
78%
Laywer Quinn
78%
Mayo loving old Man Wally
78%
Taco Mia Female Maggie
77%
Wingeria Female Mandi
77%
Cupcakeria Female Willow
77%
Pastaria Female Utah
76%
Pastaria Male Doan
74%
Donuteria Female Scooter
74%
Sporty lady Kasey O
73%
Former superhero Joy
72%
Bakeria Male Timm
72%
Sushiria Female Clover
71%
Tomato loving boy Greg
71%
Sushiria Male Matt
71%
Hot doggeria Female Peggy
71%
Burgeria Male Marty
70%
Cheeseria Male Rudy
70%
Game show host Foodini
69%
Donuteria Male Tony
69%
Cheeseria Female Scarlett
68%
Pepper Salesman Big Pauly
67%
Comedian Kingsley
66%
Rescued by pirate Robby
66%
Twin brother Xolo
65%
Musical woman Bruna
64%
Policeman Hank
64%
Hairdresser's daughter Mindy
64%
Lumberjack Johnny
63%
Twin sister Xandra
62%
PNC 2020 Champion Female Akari
61%
Mrs Romano Olga
61%
Chili worker Rico
61%
Cheese fan Sasha
61%
Cookie Scout Yippy
61%
Bakeria Female Cecilia
60%
Banana loving woman Janana
60%
Painter Mary
60%
Onion fan Sarge fan
60%
Musical man Gino
59%
Scooperia Female Koilee
59%
Pirate Captain Cori
58%
Hairdresser Vicky
57%
Daredevil Boomer
55%
Basketball player Connor
55%
Adoptive mother Edna
55%
Travel Agent Ivy
55%
Surfer Kahuna
55%
Professor Professor Fitz
55%
Truck driver Rhonda
55%
PNC 2020 Champion Male Allan
54%
Referee Bertha
52%
Runner Lisa
52%
Cherry loving woman Cherissa
51%
Kayaker Nick
51%
Fire captain Ember
50%
Actress Kayla
50%
Party sub fan Olivia
50%
Baseball player Pinch hitwell
50%
News reporter Shannon
49%
Surfer Gremmie
48%
Retail owner Sue
47%
DJ Hugo
46%
Doctor Clair
45%
Scrapyard owner Cletus
45%
Hispanic man Franco
45%
Jeweler Nevada
45%
Astronomer Iggy
44%
Gondolier Deano
43%
News reporter Duke Gotcha
43%
Competitive eater Kenji
43%
Musician Zoe
43%
Thanksgiving fan Sienna
42%
Gym man Whiff
41%
Clairvoyant Crystal
39%
Customer from customerpalooza 2013 Hope
39%
Festive old man Santa
39%
Musical man Edoardo
37%
Business man Georgito
36%
Florist/Gardener Julep
35%
PNC 2016 Runner-up Female Tohru
34%
Librarian Moe
32%
PNC 2020 Runner-up Female Trishna
32%
Delivery man Vincent
31%
Customer from Customerpalooza Yui
31%
Customer from Customerpalooza Steven
30%
PNC 2016 Runner-up Male Austin
29%
Drama teacher Emmlette
29%
PNC 2020 Runner-up Male Hacky Zak
29%
Scrapyard co-owner Wendy
29%
Student Elle
28%
Explorer Ripley
28%
Student Brody
26%
Student Skyler
25%
Prepper Chester
24%
PNC 2017 Runner-up Female Perri
24%
Bloop mobile technican Cameo
18%
Fashion designer Indigo
14%
Mr Bombolony
8%
Student Kaleb
3%
No matching quizzes found
Score Distribution
Percent of People with Each Score
Percentile by Number Answered
Your Score History
You have not taken this quiz